Plánovanie a riadenie výroby Zborník prednášok
Enregistré dans:
| Auteur principal: | |
|---|---|
| Format: | Livre |
| Langue: | slovaque |
| Publié: |
Žilina
Dom techn. ČSVTS
1987
|
| Édition: | 1. vyd. |
| Tags: |
Pas de tags, Soyez le premier à ajouter un tag!
|
MARC
| LEADER | 00000nam a2200000 4500 | ||
|---|---|---|---|
| 001 | c033335 | ||
| 005 | 20221219094917.1 | ||
| 041 | 0 | |a slo | |
| 044 | |a SK | ||
| 245 | 1 | 0 | |a Plánovanie a riadenie výroby |b Zborník prednášok |c Ján Rollo |
| 250 | |a 1. vyd. | ||
| 264 | 1 | |a Žilina |b Dom techn. ČSVTS |c 1987 | |
| 300 | |a 62 s. | ||
| 100 | 1 | |a Rollo, Jan | |